| 000 | 00825nam a2200217Ia 4500 | ||
|---|---|---|---|
| 999 |
_c39963 _d39963 |
||
| 001 | 6569 | ||
| 003 | GE_BSU | ||
| 005 | 20191016153612.0 | ||
| 008 | 181216s1975||||ge |||||||||||||| ||ge || | ||
| 040 | _cGE_BSU | ||
| 041 | _ageo | ||
| 080 | _a821.353.1-1 ბ-60 | ||
| 100 |
_aბექიშვილი, თედო _94749 |
||
| 245 |
_aდღის გაგრძელება : _bლექსები / _cთედო ბექიშვილი ; რედ. ჯ. ფხოველი. |
||
| 264 |
_aთბილისი : _bსაბჭ.საქართველო ; _c1975. |
||
| 300 |
_a61 გვ. ; _c17 სმ. |
||
| 653 | _aდღის გაგრძელება | ||
| 653 | _aლექსები | ||
| 700 |
_aფხოველი, ჯ. _eრედაქტორი _94751 |
||
| 942 |
_cBK _2udc |
||